Confidence, Op. 8, No. 1 Impromptu : Violine und Klavier /

Hlavní autor: Schulhoff, Julius, 1825-1899
Další autoři: Ritter, Eugene W.
Jazyk: Nelze použít, není lingvistický obsah
Vydáno: Mainz : B. Schott's Söhne, [1918?]
Edice: Edition Schott Einzel-Ausgabe
Fyzický popis: 1 partitura (3 s.) + 1 hlas [1] s.)
Hudebniny Hudebniny
Uloženo v:
LEADER 00919ncm a22002412a 4500
001 001113023
003 CZ BrMZK
005 20130222103927.0
007 qu
008 100831s1918 gw |||||||||||||||||zxx d
040 |a BOA001  |b cze 
072 7 |a 787  |x Hudba pro strunné a smyčcové nástroje  |2 Konspekt  |9 9 
100 1 |a Schulhoff, Julius,  |d 1825-1899  |7 mzk2004258748  |4 cmp 
245 1 0 |a Confidence, Op. 8, No. 1  |h [hudebnina] :  |b Impromptu : Violine und Klavier /  |c Schulhoff ; bearbeitet von E.W. Ritter 
260 |a Mainz :  |b B. Schott's Söhne,  |c [1918?] 
300 |a 1 partitura (3 s.) + 1 hlas [1] s.) 
490 1 |a Edition Schott Einzel-Ausgabe ;  |v 02397 
700 1 |a Ritter, Eugene W.  |7 pna2012707744  |4 adp 
830 0 |a Edition Schott Einzel-Ausgabe 
910 |a BOA001  |b Mus4-0271.394 
990 |a MU 
991 |b 201008 
996 6 |b 2619513283  |c Mus4-0271.394  |l MZK  |r Sklad / do 1 hodiny  |n 0  |w 001140640  |u 000010  |a 1  |e BOA001  |j MZK50  |s P